北海道にある漢字4文字の駅 - Statistics

General Stats
  • This quiz has been taken 30 times
  • The average score is 24 of 37
Answer Stats
Hint Answer % Correct
音威子府村 音威子府
100%
中富良野町 中富良野
96%
小樽市 小樽築港
93%
上富良野町 上富良野
93%
旭川市 旭川四条
89%
斜里町 知床斜里
89%
中川町 天塩中川
86%
伊達市 伊達紋別
82%
清水町 十勝清水
82%
森町 渡島砂原
75%
釧路町 釧路湿原
75%
名寄市 名寄高校
75%
七飯町 大沼公園
71%
小清水町 浜小清水
71%
札幌市 稲積公園
68%
森町 渡島沼尻
68%
札幌市 森林公園
68%
大空町 西女満別
68%
札幌市 自衛隊前
64%
小清水町 原生花園
61%
函館市 函館駅前
61%
札幌市 発寒中央
61%
釧路市 新大楽毛
57%
札幌市 月寒中央
57%
札幌市 中島公園
57%
北見市 西留辺蘂
54%
北斗市 東久根別
54%
札幌市 円山公園
54%
北斗市 渡島当別
50%
弟子屈町 川湯温泉
50%
札幌市 環状通東
50%
札幌市 豊平公園
50%
函館市 市役所前
43%
札幌市 二十四軒
39%
函館市 魚市場通
36%
函館市 競馬場前
36%
札幌市 東屯田通
32%
No matching quizzes found
Score Distribution
Percent of People with Each Score
Percentile by Number Answered
Your Score History
You have not taken this quiz